000 00810nam a22002175i 4500
001 168814
003 ES-MaACL
005 20230906213911.0
008 080611s1850 fr |||| | fre d
080 _a782.089.6
100 1 _aAuber, Daniel-François-Esprit.
_923789
245 1 3 _aLe domino noir [
_hMúsica impresa] /
_b: opéra comique en trois actes /
_cparoles de Eugène Scribe ; musique de D.F.E. Auber.
254 _aPartition conforme a l'exécution au théatre.
260 _aParis :
_bBrandus et Cie.,
_c[ca. 1850]
300 _a1 partitura de coro (132, 24 p.) ;
_c19 cm.
650 4 _aÓperas-
_xPartituras de coro.
_9137579
700 1 _aScribe, Eugène.
_9104966
852 4 _aES-MaACL
_jE-12076
_z- Biblioteca Jacinto Martínez Lacalle
942 _2udc
999 _c168814
_d168814